01123 2200337 4500001002100000005001500021035002000036007000300056008004100059040002200100100003000122245015000152300003900302504002900341020002300370041001300393082001500406084001700421090002200438250003500460264004600495336002100541337003000562338002300592650002900615700003400644850001200678999002200690546005100712990002200763INLIS00000000087691520230330022942 a0010-0323000182ta220609s2023 yoia g 0 ind d aYOPDYOGbinderda0 aArif IshartadiePengarang10aMaster percakapan bahasa Arab :bcara cepat langsung bisa ngomong bahasa Arab tanpa banyak mikir /cArif Ishartadi; penyunting, Astria Sekar Arum axii, 180 halaman :btabel ;c20 cm aBibliografi: halaman 179 a978-623-40004-46-50 aindgara04223a492.78 a492.78 ARI m aCB-D.11 2023-0051 aCetakan Pertama: Februari 202341aYogyakarta :bAnak Hebat Indonesia,c2023 2rdacontentateks 2rdamediaatanpa perantara 2rdacarrieravolume 4aBahasa Arab-- Percakapan0 aAstria Sekar ArumePenyunting aYOPDYOG aCB-D.11/2023-0051 aTeks terdapat bahasa Indonesia dan bahasa Arab aCB-D.11/2023-0051